Vista normal
Vista MARC
Entrada Nombre Personal
Número de registros utilizados en: 2
001 - Número de Control
- control field: 30078
003 - Identificador de Número de Control
- control field: EcQuBN
005 - Fecha y Hora de la última transacción
- Campo de Control: 20170518143832.0
008 - Elementos de Datos de Longitud Fija
- fixed length control field: 170518|| aca||aabn | a|a d
040 ## - Origen de la Catalagación
- Agencia catalogadora original: EcQuBN
- Idioma de la catalogación: spa
100 1# - Asiento Principal--Nombre Personal
- Nombre personal :: Albuja, Ginna,
400 1# - Trazado Véase Desde -- Nombre Personal
- Nombre Personal: Ginna Albuja,
670 ## - Fuente de la Información Encontrada
- Fuente citada :: Geometría básica 1, 1999:
- Informacion encontrada :: reverso de portada (Ginna Albuja; Ingeniera Química E.P.N.)























